Historia del pensamiento político de occidente : (Registro nro. 5100)

Detalles MARC
000 -LEADER
fixed length control field 01016nam a2200289Ia 4500
003 - CONTROL NUMBER IDENTIFIER
control field OSt
005 - DATE AND TIME OF LATEST TRANSACTION
control field 20210204121118.0
008 - FIXED-LENGTH DATA ELEMENTS--GENERAL INFORMATION
fixed length control field 191128s1997 ck fr 000 0dspa d
020 ## - INTERNATIONAL STANDARD BOOK NUMBER
International Standard Book Number 9589442218
040 ## - CATALOGING SOURCE
Original cataloging agency CO-JMCR
Transcribing agency CO-JMCR
041 0# - LANGUAGE CODE
Language code of text/sound track or separate title spa
082 04 - DEWEY DECIMAL CLASSIFICATION NUMBER
Classification number 320.092 /
Item number J171h
Edition number 21
100 1# - MAIN ENTRY--PERSONAL NAME
Personal name Jaramillo Contreras, Mario,
Relator term autor
9 (RLIN) 1887
245 10 - TITLE STATEMENT
Title Historia del pensamiento político de occidente :
Remainder of title pensamiento clásico /
Statement of responsibility, etc. Mario Jaramillo
250 ## - EDITION STATEMENT
Edition statement Primera edición
260 ## - PUBLICATION, DISTRIBUTION, ETC.
Place of publication, distribution, etc. Bogotá :
Name of publisher, distributor, etc. Universidad Sergio Arboleda,
Date of publication, distribution, etc. 1997
300 ## - PHYSICAL DESCRIPTION
Extent 157 páginas ;
Dimensions 23 cm.
490 0# - SERIES STATEMENT
Series statement Major ;
Volume/sequential designation 12
500 ## - GENERAL NOTE
General note Incluye datos biográficos del autor.
504 ## - BIBLIOGRAPHY, ETC. NOTE
Bibliography, etc. note Bibliografía: páginas [153]-157
505 0# - FORMATTED CONTENTS NOTE
Formatted contents note Pensamiento clásico -- Grecia -- Roma
650 14 - SUBJECT ADDED ENTRY--TOPICAL TERM
Topical term or geographic name entry element Pensamiento político
Source of heading or term
9 (RLIN) 1770
650 14 - SUBJECT ADDED ENTRY--TOPICAL TERM
Topical term or geographic name entry element Política y gobierno
General subdivision historia
Geographic subdivision Grecia
9 (RLIN) 1888
650 14 - SUBJECT ADDED ENTRY--TOPICAL TERM
Topical term or geographic name entry element Política y gobierno
General subdivision historia
Geographic subdivision Roma (Italia)
9 (RLIN) 1889
650 14 - SUBJECT ADDED ENTRY--TOPICAL TERM
Topical term or geographic name entry element Ciencias políticas
General subdivision historia
9 (RLIN) 1890
942 ## - ADDED ENTRY ELEMENTS (KOHA)
Source of classification or shelving scheme Dewey Decimal Classification
Koha item type Books
Existencias
Withdrawn status Lost status Source of classification or shelving scheme Damaged status Not for loan Collection code Home library Current library Date acquired Source of acquisition Cost, normal purchase price Total Checkouts Full call number Barcode Date last seen Copy number Koha item type
    Dewey Decimal Classification     Non-fiction Biblioteca Pública José María del Castillo y Rada Biblioteca Pública José María del Castillo y Rada 04/15/2018 Donación 0.00   320.092 / J171h 430001303 05/16/2024 V.1 / Ej.1 Books